000 00226nam a22000857a 4500
008 160719b xxu||||| |||| 00| 0 eng d
100 _93050
_aMoore P
245 _aOscar Wilde Short Stories
260 _aNew Delhi
_bMaanu Graphics
_c2012
999 _c2613
_d2613